[Event "Oberliga Sued W 1819"]
[Site "Germany"]
[Date "2019.02.24"]
[Round "7.8"]
[White "Stein, Daniel1"]
[Black "Schaefer, Nicolas"]
[Result "1-0"]
[WhiteElo "1940"]
[BlackElo "1772"]
[PlyCount "87"]
[EventDate "2018.10.21"]
[EventType "team-tourn"]
[EventRounds "9"]
[EventCountry "GER"]
[SourceTitle "EXT 2020"]
[Source "ChessBase"]
[SourceDate "2019.10.17"]
[SourceVersion "1"]
[SourceVersionDate "2019.10.17"]
[SourceQuality "1"]
[WhiteTeam "Frankenthal"]
[BlackTeam "Saarbruecken SVG"]
[WhiteTeamCountry "GER"]
[BlackTeamCountry "GER"]

1. Nf3 c5 2. g3 Nc6 3. Bg2 g6 4. 0-0 Bg7 5. e4 d6 6. h3 Nf6 7. Re1 0-0 8. c3 Nd7 9. Na3 a6 10. d4 Rb8 11. Bf4 e5 12. Bg5 Bf6 13. Bh6 Bg7 14. Bg5 Bf6 15. Bh6 Bg7 16. Qd2 cxd4 17. Bxg7 dxc3 18. Qh6 f6 19. Bxf8 Nxf8 20. bxc3 Qa5 21. Nc4 Qc5 22. Ne3 Be6 23. Nd5 Bxd5 24. exd5 Ne7 25. Qd2 Nd7 26. Nd4 Nb6 27. Ne6 Qa5 28. Be4 g5 29. Nxg5 f5 30. Ne6 Kf7 31. Bxf5 Nxf5 32. Qg5 Qxd5 33. Qxf5+ Ke7 34. Nf4 Qg8 35. Rxe5+ dxe5 36. Qxe5+ Kf7 37. Qe6+ Kg7 38. Nh5+ Kf8 39. Qd6+ Kf7 40. Qf6+ Ke8 41. Re1+ Kd7 42. Re7+ Kc8 43. Qxb6 Qd8 44. Qe6+ 1-0

[Event "GER-chT U16"]
[Site "Walldorf"]
[Date "2017.12.29"]
[Round "5.1"]
[White "Hinrichs, Niklas"]
[Black "Schaefer, Nicolas"]
[Result "1/2-1/2"]
[WhiteElo "2023"]
[BlackElo "1811"]
[PlyCount "44"]
[EventDate "2017.12.26"]
[EventType "team-swiss"]
[EventRounds "7"]
[EventCountry "GER"]
[SourceTitle "CBM 182 Extra"]
[Source "ChessBase"]
[SourceDate "2018.02.23"]
[SourceVersion "1"]
[SourceVersionDate "2018.02.23"]
[SourceQuality "1"]
[WhiteTeam "Bingen"]
[BlackTeam "Saarbruecken"]
[WhiteTeamCountry "GER"]
[BlackTeamCountry "GER"]

1. d4 Nf6 2. c4 c5 3. d5 e6 4. Nc3 exd5 5. cxd5 d6 6. Nf3 g6 7. Bf4 Bg7 8. h3 0-0 9. e3 Na6 10. Nd2 Nc7 11. Bc4 Re8 12. 0-0 b5 13. Nxb5 Nfxd5 14. Nxd6 Nxf4 15. Nxf7 Nxh3+ 16. gxh3 Qh4 17. Nd6+ Kh8 18. Nxe8 Bxh3 19. Qf3 Rxe8 20. Qg3 Qxg3+ 21. fxg3 Bxf1 22. Nxf1 Bxb2 1/2-1/2

[Event "GER-chT U16"]
[Site "Walldorf"]
[Date "2017.12.29"]
[Round "6.1"]
[White "Reindl, Knut"]
[Black "Schaefer, Nicolas"]
[Result "1/2-1/2"]
[WhiteElo "1824"]
[BlackElo "1811"]
[PlyCount "86"]
[EventDate "2017.12.26"]
[EventType "team-swiss"]
[EventRounds "7"]
[EventCountry "GER"]
[SourceTitle "CBM 182 Extra"]
[Source "ChessBase"]
[SourceDate "2018.02.23"]
[SourceVersion "1"]
[SourceVersionDate "2018.02.23"]
[SourceQuality "1"]
[WhiteTeam "Schwaebisch Gmuend"]
[BlackTeam "Saarbruecken"]
[WhiteTeamCountry "GER"]
[BlackTeamCountry "GER"]

1. c4 Nf6 2. Nf3 c5 3. g3 g6 4. Bg2 Bg7 5. Nc3 0-0 6. 0-0 Nc6 7. d3 d6 8. a3 Ne8 9. Rb1 a5 10. Bd2 Nc7 11. Ne1 Rb8 12. Nc2 Nd4 13. b4 axb4 14. axb4 Na6 15. bxc5 Nxc5 16. Nxd4 Bxd4 17. Nb5 Bg7 18. Bc3 Bd7 19. Bxg7 Kxg7 20. Nc3 Bc6 21. Qc2 Bxg2 22. Kxg2 e6 23. Qb2 Qf6 24. Rfc1 Rfc8 25. Qd2 Nd7 26. Rb5 Kg8 27. Rcb1 b6 28. h4 Qe7 29. Qe3 Rc5 30. R5b2 Re5 31. Qd2 Rc5 32. Rb5 Rbc8 33. R5b2 Rb8 34. Rb4 Rc7 35. Qe3 Qd8 36. Qd4 Rc6 37. Rb5 Qf8 38. Na4 Qd8 39. R1b2 Nc5 40. Nxc5 Rxc5 41. Qc3 Qc7 42. Qb3 Rc6 43. Rb4 Qb7 1/2-1/2

[Event "GER-chT U16"]
[Site "Walldorf"]
[Date "2017.12.28"]
[Round "3.1"]
[White "Muehlpfordt, Thomas"]
[Black "Schaefer, Nicolas"]
[Result "1/2-1/2"]
[WhiteElo "1881"]
[BlackElo "1811"]
[PlyCount "80"]
[EventDate "2017.12.26"]
[EventType "team-swiss"]
[EventRounds "7"]
[EventCountry "GER"]
[SourceTitle "CBM 182 Extra"]
[Source "ChessBase"]
[SourceDate "2018.02.23"]
[SourceVersion "1"]
[SourceVersionDate "2018.02.23"]
[SourceQuality "1"]
[WhiteTeam "Lambsheim"]
[BlackTeam "Saarbruecken"]
[WhiteTeamCountry "GER"]
[BlackTeamCountry "GER"]

1. e4 c5 2. Nf3 d6 3. d4 cxd4 4. Nxd4 Nf6 5. Nc3 g6 6. Be3 Bg7 7. f3 0-0 8. Bc4 Nc6 9. Qd2 Bd7 10. Bb3 Rc8 11. 0-0-0 Nxd4 12. Bxd4 b5 13. Nd5 Nxd5 14. exd5 Bxd4 15. Qxd4 a5 16. a3 Rc5 17. h4 Qc7 18. Rd2 Rc8 19. Qf2 b4 20. a4 Qd8 21. h5 g5 22. Qe3 h6 23. Re1 Qe8 24. Qxe7 Bxa4 25. Qxe8+ Bxe8 26. Ba2 a4 27. b3 Ra5 28. Re4 Rb8 29. Rdd4 a3 30. Rxb4 Rxb4 31. Rxb4 Rxd5 32. Rb8 Re5 33. Rd8 Kg7 34. b4 f5 35. Rxd6 Bxh5 36. Kd2 g4 37. fxg4 Bxg4 38. Re6 Rxe6 39. Bxe6 f4 40. Ba2 Kf6 1/2-1/2

[Event "GER-ch U25-A"]
[Site "Willingen"]
[Date "2017.06.10"]
[Round "9"]
[White "Schaefer, Nicolas"]
[Black "Irkilmez, Yakub"]
[Result "0-1"]
[WhiteElo "1757"]
[BlackElo "1882"]
[PlyCount "62"]
[EventDate "2017.06.04"]
[EventType "swiss"]
[EventRounds "9"]
[EventCountry "GER"]
[SourceTitle "CBM 178 Extra"]
[Source "ChessBase"]
[SourceDate "2017.06.22"]
[SourceVersion "1"]
[SourceVersionDate "2017.06.22"]
[SourceQuality "1"]

1. Nf3 Nf6 2. c4 g6 3. Nc3 d5 4. cxd5 Nxd5 5. Qa4+ Nc6 6. Qb3 Nxc3 7. Qxc3 f6 8. d4 e5 9. a3 exd4 10. Qb3 Qd6 11. g3 Qe6 12. Qxe6+ Bxe6 13. Bf4 0-0-0 14. Rd1 g5 15. Bc1 Bb3 16. Rd3 Bc4 17. Rd1 Bc5 18. b4 Bb6 19. Bb2 Rhe8 20. Ba1 g4 21. Nh4 Ne5 22. Kd2 Bd5 23. Rg1 Nc4+ 24. Kc1 Nxa3 25. Bxd4 Bb3 26. Rd3 Bxd4 27. Rxb3 Bxf2 28. Rh1 Be3+ 29. Kb2 Nc4+ 30. Kc3 Nd2 31. Ra3 Nb1+ 0-1

[Event "GER-ch U25-A"]
[Site "Willingen"]
[Date "2017.06.04"]
[Round "1"]
[White "Schaefer, Nicolas"]
[Black "Zha, Kevin"]
[Result "1-0"]
[WhiteElo "1757"]
[BlackElo "1591"]
[PlyCount "73"]
[EventDate "2017.06.04"]
[EventType "swiss"]
[EventRounds "9"]
[EventCountry "GER"]
[SourceTitle "CBM 178 Extra"]
[Source "ChessBase"]
[SourceDate "2017.06.22"]
[SourceVersion "1"]
[SourceVersionDate "2017.06.22"]
[SourceQuality "1"]

1. Nf3 g6 2. d4 Bg7 3. c4 Nf6 4. Nc3 d6 5. e4 Nbd7 6. Qc2 0-0 7. Be2 c5 8. d5 Re8 9. 0-0 a6 10. Rd1 Qc7 11. a3 e6 12. dxe6 Rxe6 13. Ng5 Re8 14. Bf4 Ne5 15. Qd2 Bf8 16. Nf3 Bg4 17. Bg5 Nh5 18. Nd5 Qb8 19. Nxe5 Bxe2 20. Nd7 Qc8 21. N7f6+ Nxf6 22. Nxf6+ Kh8 23. Qxe2 Re6 24. Qf3 Be7 25. Qc3 Bxf6 26. Bxf6+ Kg8 27. e5 Qc6 28. exd6 Rxd6 29. Bh8 Kf8 30. Qg7+ Ke7 31. Rxd6 Qxd6 32. Re1+ Kd7 33. Qxf7+ Kc6 34. Re6 Rxh8 35. Rxd6+ Kxd6 36. Qf6+ Kc7 37. Qxh8 1-0

[Event "GER-ch U14"]
[Site "Willingen"]
[Date "2015.05.26"]
[Round "5"]
[White "Toptschiev, David"]
[Black "Schaefer, Nicolas"]
[Result "0-1"]
[WhiteElo "1801"]
[BlackElo "1595"]
[PlyCount "216"]
[EventDate "2015.05.24"]
[EventType "swiss"]
[EventRounds "9"]
[EventCountry "GER"]
[SourceTitle "CBM 166 Extra"]
[Source "ChessBase"]
[SourceDate "2015.06.18"]
[SourceVersion "1"]
[SourceVersionDate "2015.06.18"]
[SourceQuality "1"]

1. e4 c5 2. Nf3 Nc6 3. Bb5 g6 4. Bxc6 dxc6 5. 0-0 Bg7 6. Re1 Bg4 7. h3 Bxf3 8. Qxf3 Nf6 9. d3 0-0 10. Nc3 Nd7 11. Rb1 b6 12. Bd2 Rc8 13. Qg3 c4 14. Rbd1 cxd3 15. cxd3 c5 16. b3 Nb8 17. Ne2 Nc6 18. f4 Qd7 19. Rf1 Rcd8 20. Rf3 e6 21. Kh1 Rfe8 22. Qf2 f5 23. e5 Ne7 24. Nc3 Nd5 25. Nxd5 Qxd5 26. Bc3 Bf8 27. Kh2 b5 28. Rd2 b4 29. Ba1 a5 30. Rc2 Rd7 31. g4 Red8 32. gxf5 exf5 33. Rc4 Qe6 34. Qe2 Rd5 35. Rc1 R5d7 36. Rd1 Rd5 37. Qe3 a4 38. d4 cxd4 39. Rxd4 Bc5 40. Rxd5 Qxd5 41. Qe2 Qd2 42. Qxd2 Rxd2+ 43. Kg3 Rxa2 44. Rf1 Ra3 45. Rb1 Rxb3+ 46. Rxb3 axb3 47. Kf3 Kg7 48. Ke2 Kh6 49. Kd3 Kh5 50. Kc4 Be7 51. Kd5 Kh4 52. Ke6 Bc5 53. Kd5 Bf8 54. e6 Kxh3 55. Bg7 Be7 56. Kc6 Kg4 57. Kd7 Bh4 58. Be5 Kf3 59. Ke8 Ke2 60. Kf7 Kd2 61. Bf6 Bxf6 62. Kxf6 b2 63. e7 b1Q 64. e8Q Qa1+ 65. Kg5 Qg1+ 66. Kf6 Qd4+ 67. Qe5 Kc3 68. Kg5 b3 69. Qe1+ Kc2 70. Qe2+ Qd2 71. Qc4+ Kb2 72. Kh6 Qc1 73. Qd4+ Ka2 74. Qa4+ Qa3 75. Qc4 Qf8+ 76. Kxh7 Qd6 77. Kg7 Qd2 78. Kxg6 Qc2 79. Qe6 Kb1 80. Qe1+ Qc1 81. Qb4 b2 82. Kxf5 Qc2+ 83. Kg5 Kc1 84. Qe1+ Qd1 85. Qc3+ Kb1 86. Qc4 Qd8+ 87. Kg4 Qd1+ 88. Kg5 Qf3 89. Qc5 Ka2 90. Qc4+ Qb3 91. Qa6+ Qa3 92. Qc4+ Ka1 93. Qd4 Qb3 94. Qa7+ Kb1 95. Qg1+ Kc2 96. Qf2+ Kc3 97. Qe3+ Kb4 98. Qb6+ Ka3 99. Qa5+ Qa4 100. Qc3+ Ka2 101. Qd2 Qb5+ 102. Kh4 Qc5 103. Kg4 Ka1 104. Qd1+ b1Q 105. Qxb1+ Kxb1 106. f5 Qf8 107. Kg5 Qg7+ 108. Kf4 Kc2 0-1

[Event "GER-ch U14"]
[Site "Willingen"]
[Date "2015.05.24"]
[Round "1"]
[White "Wierzbicki, Jirawat"]
[Black "Schaefer, Nicolas"]
[Result "1-0"]
[WhiteElo "1910"]
[BlackElo "1595"]
[PlyCount "129"]
[EventDate "2015.05.24"]
[EventType "swiss"]
[EventRounds "9"]
[EventCountry "GER"]
[SourceTitle "CBM 166 Extra"]
[Source "ChessBase"]
[SourceDate "2015.06.18"]
[SourceVersion "1"]
[SourceVersionDate "2015.06.18"]
[SourceQuality "1"]

1. e4 c5 2. c3 Nf6 3. e5 Nd5 4. d4 cxd4 5. cxd4 d6 6. Nf3 Nc6 7. Bc4 Nb6 8. Bb5 Bd7 9. Qe2 e6 10. Nc3 a6 11. Bd3 Qc7 12. Bf4 Be7 13. Rc1 Qb8 14. a3 g5 15. exd6 g4 16. Ne5 Bxd6 17. Nxc6 Bxc6 18. Bxd6 Qxd6 19. Qxg4 Rd8 20. Ne2 Ke7 21. Qg5+ Ke8 22. Qg7 Qf8 23. Qxf8+ Kxf8 24. f3 Nd5 25. Bxa6 Rg8 26. Kf2 Ne7 27. Bd3 h6 28. Rhd1 Rg5 29. Be4 Bb5 30. Nf4 Bc6 31. h4 Rb5 32. b4 Bxe4 33. fxe4 Ng6 34. Nxg6+ fxg6 35. Rc7 Kg8 36. Re7 Rb6 37. Ke3 Rc8 38. Rd3 Rc2 39. Kf3 h5 40. Kg3 Kf8 41. Rd7 Rbc6 42. Rxb7 R6c3 43. Rf3+ Rxf3+ 44. gxf3 Rc3 45. a4 Rc4 46. d5 exd5 47. exd5 Rd4 48. Rb5 Ke7 49. a5 Kd7 50. a6 Rd1 51. a7 Rg1+ 52. Kf2 Ra1 53. Ra5 Rxa5 54. bxa5 g5 55. a8Q Kd6 56. a6 Ke5 57. a7 Kd4 58. Qb7 Ke5 59. a8R g4 60. Qe7+ Kd4 61. Ra4+ Kd3 62. Qe3+ Kc2 63. Ra2+ Kb1 64. Qe2 Kc1 65. Qc2# 1-0

[Event "GER-chT U20"]
[Site "Naumburg Saale"]
[Date "2014.12.29"]
[Round "6.4"]
[White "Merker, Konstantin"]
[Black "Schaefer, Nicolas"]
[Result "1-0"]
[WhiteElo "1663"]
[BlackElo "1497"]
[PlyCount "32"]
[EventDate "2014.12.27"]
[EventType "team-swiss"]
[EventRounds "7"]
[EventCountry "GER"]
[SourceTitle "EXT 2016"]
[Source "ChessBase"]
[SourceDate "2015.10.08"]
[SourceVersion "1"]
[SourceVersionDate "2015.10.08"]
[SourceQuality "1"]
[WhiteTeam "Coswig TuS"]
[BlackTeam "Saarbruecken"]
[WhiteTeamCountry "GER"]
[BlackTeamCountry "GER"]

1. d4 c5 2. e3 d5 3. c4 e6 4. Nc3 Nf6 5. Nf3 Bd6 6. dxc5 Bxc5 7. cxd5 exd5 8. Be2 0-0 9. 0-0 Nc6 10. b3 Be6 11. Bb2 a6 12. Rc1 Bd6 13. Nd4 Qc7 14. h3 Bd7 15. Bf3 Ne7 16. Nxd5 Nc6 1-0